000 00545nam a2200181Ia 4500
008 240729s9999 xx 000 0 und d
022 _a2255-4165
245 0 _aReview of Communication Research
260 _aSpain
260 _bReview of Communication Research
650 _a Communication. Mass media | Social Sciences
650 _a Philology. Linguistics
650 _a Sociology (General)
650 _aLanguage and Literature
856 _uhttps://doaj.org/toc/0da2138fe14e4399b1389715295f2941
942 _2ddc
942 _cDOAJEJ
999 _c65716
_d65716
945 _a1
_bMadushi Gamage
_c1
_dMadushi Gamage